| 000 | 01037nam a22003255a 4500 | ||
|---|---|---|---|
| 003 | EG-ScBUE | ||
| 005 | 20230111132240.0 | ||
| 008 | 180509s2005 mx a f 000 0bmul d | ||
| 020 | _a9789686623604 | ||
| 040 |
_aEG-ScBUE _beng _erda _cEG-ScBUE _dEG-ScBUE |
||
| 041 | 0 |
_aspa _aeng |
|
| 043 | _an-mx--- | ||
| 082 | 0 | 4 |
_a759.972 _bROD _222 |
| 245 | 0 | 0 |
_aRodolfo Morales : _bmaestro de los sueños = Master of dreams. |
| 246 | 3 | 1 | _aMaestro de los sueños |
| 246 | 3 | 1 | _aMaster of dreams |
| 264 | 1 |
_aMéxico : _bLunwerg Editores : _bCemex : _bMarco, _c2005. |
|
| 300 |
_a245 pages : _bcolor illustrations ; _c28 cm |
||
| 336 |
_2rdacontent _atext _btxt |
||
| 337 |
_2rdamedia _aunmediated _bn |
||
| 338 |
_2rdacarrier _avolume _bnc |
||
| 546 | _aText in Spanish and English. | ||
| 600 | 1 | 7 |
_aMorales, Rodolfo, _d1925-2001. _2BUEsh |
| 650 | 7 |
_aPainters _zMexico _xBiography. _2BUEsh |
|
| 651 | _2BUEsh | ||
| 653 |
_bGGEN _cMay2018 |
||
| 655 | _vReading book | ||
| 942 |
_2ddc _cBB |
||
| 999 |
_c26675 _d26647 |
||